Statistics for Element Symbol by letter "I-K-L"

Click here to take the quiz!

General Stats

  • This quiz has been taken 23 times
  • The average score is 8 of 10

Answer Stats

HintAnswer% Correct
IrIridium
100%
IIodine
86%
KrKrypton
86%
LiLithium
86%
KPotassium
86%
InIndium
71%
LaLanthanum
71%
LrLawrencium
71%
LvLivermorium
57%
LuLutetium
57%

Score Distribution

Percentile by Number Answered

Percent of People with Each Score

Your Score History

You have not taken this quiz